000 02132cam a22004814i 4500
003 PE-LiUPU
005 20250731173013.0
008 150616s r 000 0 d
035 _a(Sirsi) a2302
040 _aPE-LiUPU
_bspa
_cPE-LiUPU
_erda
049 _aPRUA
082 0 4 _a287.9785
_bD71
_221
100 1 _aDieseldorff, Rudolf W.,
_eautor.
245 1 0 _aMaranatha :
_bApuntes históricos /
_cRudolf W. Dieseldorff.
264 1 _a[Lima] :
_b[Imprenta Pacheco],
_c1986.
300 _a123 páginas :
_bilustraciones ;
_c16 cm.
336 _atext
_2rdacontent
337 _aunmediated
_2rdamedia
338 _avolume
_2rdacarrier
505 0 _aUna sesión que hizo historia -- Los comienzos. Diego Thomson: Misionero y educador -- Los pioneros -- Francisco Penzotti, el gran impulso -- Charles H. Bright y Alfonso Muñoz: Dos pilares -- John Ritchie, el fundador -- Mandamientos -- 1956, Año de preparativos -- Junio 1956 - Agosto 1958: Dos años de construcción -- La inauguración -- Maranatha.
526 _aSEG42
526 _aSEG41
526 _aSEG40
526 _aSEG39
526 _aP94
526 _aP87
526 _aP86
526 _aP85
526 _aP77
526 _aP76
526 _aP35
610 2 _aIglesia Evangélica Peruana
_xHistoria.
910 _ajck
_bjvq
_cjck
942 _2ddc
_cBOOK
949 _a287.9785 D71
_wDEWEY
_c1
_i29453
_lCCODEBUL1
_mBUL
_p00.00
_r0
_sY
_tBOOK
_u2015-04-23
_xTEOLOGIA
_zUNKNOWN
_0COMPRA
_o.STAFF. Colección General
949 _a287.9785 D71
_wDEWEY
_c2
_i29059
_lCCODEBUL1
_mBUL
_p00.00
_r0
_sY
_tBOOK
_u19880525
_xTEOLOGIA
_zUNKNOWN
_0COMPRA
_o.STAFF. Colección General
994 _aC0
_bPEPRU
596 _a1
999 _a287.9785 D71
_wDEWEY
_c23651
_i29453
_d23651
_f2021-11-11
_g5
_lCCODEBUL1
_mBUL
_q1
_r0
_sY
_tBOOK
_u2015-4-23
_xTEOLOGIA
_zUNKNOWN
_0COMPRA
_o.STAFF. Colección General
999 _a287.9785 D71
_wDEWEY
_c2
_i29059
_f2021-11-11
_g5
_lCCODEBUL1
_mBUL
_r0
_sY
_tBOOK
_u2015-6-16
_xTEOLOGIA
_zUNKNOWN
_0COMPRA
_o.STAFF. Colección General
980 _81
_gALBERTO SANCHEZ Responsable de Automatización